[Event "Mittelfranken Landesliga Sued 2223"]
[Site "Mittelfranken"]
[Date "2023.03.05"]
[Round "7.3"]
[White "Kornitzky, Tino"]
[Black "Dehlinger, Alexander"]
[Result "1/2-1/2"]
[WhiteElo "2160"]
[BlackElo "2283"]
[PlyCount "47"]
[EventDate "2022.10.09"]
[EventType "team-tourn"]
[EventRounds "9"]
[EventCountry "GER"]
[SourceTitle "EXT 2024"]
[Source "ChessBase"]
[SourceDate "2023.10.10"]
[SourceVersion "1"]
[SourceVersionDate "2023.10.10"]
[SourceQuality "1"]
[WhiteTeam "Bayern Muenchen III"]
[BlackTeam "Garching II"]
[WhiteTeamCountry "GER"]
[BlackTeamCountry "GER"]

1. d4 Nf6 2. c4 e6 3. g3 d5 4. Nf3 Bb4+ 5. Bd2 Be7 6. Bg2 0-0 7. 0-0 c6 8. Qc2 b6 9. Bf4 Nbd7 10. Rd1 Ba6 11. Ne5 Rc8 12. cxd5 Nxd5 13. Nc3 Nxe5 14. Bxe5 f6 15. Bf4 Nxf4 16. gxf4 f5 17. Qa4 Bb7 18. Qxa7 Qc7 19. Nb5 Qd7 20. Na3 b5 21. Qa5 Ra8 22. Qd2 Bxa3 23. bxa3 Rxa3 24. Rac1 1/2-1/2

[Event "Mittelfranken Landesliga Sued 2223"]
[Site "Mittelfranken"]
[Date "2022.10.23"]
[Round "2.4"]
[White "Kornitzky, Tino"]
[Black "Walch, Ingo"]
[Result "1-0"]
[WhiteElo "2160"]
[BlackElo "2065"]
[PlyCount "59"]
[EventDate "2022.10.09"]
[EventType "team-tourn"]
[EventRounds "9"]
[EventCountry "GER"]
[SourceTitle "EXT 2024"]
[Source "ChessBase"]
[SourceDate "2023.10.10"]
[SourceVersion "1"]
[SourceVersionDate "2023.10.10"]
[SourceQuality "1"]
[WhiteTeam "Bayern Muenchen III"]
[BlackTeam "Rottal Inn"]
[WhiteTeamCountry "GER"]
[BlackTeamCountry "GER"]

1. d4 d5 2. c4 c6 3. cxd5 cxd5 4. Bf4 Nc6 5. e3 Nf6 6. Nc3 a6 7. Bd3 e6 8. Rc1 Be7 9. Nf3 0-0 10. 0-0 Nh5 11. Be5 g6 12. Na4 f6 13. Bg3 Nxg3 14. hxg3 Qd6 15. a3 Bd7 16. Nc5 Ra7 17. b4 Nb8 18. Re1 b6 19. Nxd7 Nxd7 20. Qa4 b5 21. Bxb5 Nb6 22. Qa5 Bd8 23. Bd3 Qd7 24. Bxa6 Nc4 25. Qb5 Qd6 26. Bb7 Rf7 27. Bc6 Rxa3 28. e4 Kg7 29. exd5 exd5 30. Bxd5 1-0

[Event "Biel HTO 55th"]
[Site "Biel"]
[Date "2022.07.14"]
[Round "2"]
[White "Kornitzky, Tino"]
[Black "Bharath, Subramaniyam H"]
[Result "0-1"]
[WhiteElo "2141"]
[BlackElo "2479"]
[PlyCount "84"]
[EventDate "2022.07.13"]
[EventType "swiss"]
[EventRounds "9"]
[EventCountry "SUI"]
[SourceTitle "CBM 209 Extra"]
[Source "ChessBase"]
[SourceDate "2022.09.30"]
[SourceVersion "1"]
[SourceVersionDate "2022.09.30"]
[SourceQuality "1"]

1. d4 Nf6 2. c4 b6 3. Nc3 Bb7 4. d5 e6 5. g3 Bb4 6. Bg2 Bxc3+ 7. bxc3 0-0 8. Nh3 d6 9. 0-0 Kh8 10. Re1 Nbd7 11. Nf4 Qe7 12. Nd3 a5 13. e4 Ba6 14. Ba3 e5 15. Qa4 Nc5 16. Bxc5 bxc5 17. Rab1 Qd7 18. Rb5 Bxb5 19. cxb5 Qe7 20. f4 Nd7 21. Bh3 Nb6 22. Qc2 c4 23. Nf2 exf4 24. gxf4 Nxd5 25. Qd2 Nf6 26. Qd4 Nh5 27. e5 Rad8 28. Qxc4 dxe5 29. Rxe5 Qh4 30. Bg4 Nf6 31. Bf3 Rd2 32. Qc5 Nd7 33. Rh5 Nxc5 34. Rxh4 Rxa2 35. Bd5 Ra1+ 36. Kg2 a4 37. Ng4 Rd1 38. Bc4 a3 39. Ne5 a2 40. Bxf7 Rg1+ 41. Kxg1 a1Q+ 42. Kg2 Rxf7 0-1

[Event "Bodensee op"]
[Site "Bregenz"]
[Date "2022.05.25"]
[Round "5"]
[White "Matt, Fabian"]
[Black "Kornitzky, Tino"]
[Result "1-0"]
[WhiteElo "2252"]
[BlackElo "2134"]
[PlyCount "83"]
[EventDate "2022.05.21"]
[EventType "swiss"]
[EventRounds "9"]
[EventCountry "AUT"]
[SourceTitle "CBM 208 Extra"]
[Source "ChessBase"]
[SourceDate "2022.07.31"]
[SourceVersion "1"]
[SourceVersionDate "2022.07.31"]
[SourceQuality "1"]

1. d4 Nf6 2. c4 e6 3. Nf3 d5 4. g3 Bb4+ 5. Bd2 Be7 6. Bg2 0-0 7. Qc2 c6 8. 0-0 b6 9. Bf4 Ba6 10. cxd5 cxd5 11. Nc3 Nc6 12. Qa4 Bb7 13. Rfc1 a6 14. Qd1 b5 15. a4 b4 16. Nb1 Qb6 17. a5 Qa7 18. Nbd2 Rac8 19. Nb3 Ne4 20. Ne1 Rfd8 21. h4 Bf6 22. Nf3 h6 23. Rc2 g5 24. hxg5 hxg5 25. Be3 Ne7 26. Rxc8 Rxc8 27. Rc1 Qa8 28. Bd2 Rc4 29. Ne5 Bxe5 30. dxe5 Qc8 31. Bxe4 dxe4 32. Bxg5 Rxc1 33. Nxc1 Ng6 34. Qd6 Bd5 35. Qxb4 Nxe5 36. Qd2 e3 37. Bxe3 Qc4 38. Bd4 Ng6 39. Bc3 e5 40. Qg5 Qe4 41. f3 Qa4 42. Qd8+ 1-0

[Event "Bodensee op"]
[Site "Bregenz"]
[Date "2022.05.23"]
[Round "3"]
[White "Akhvlediani, Irakli"]
[Black "Kornitzky, Tino"]
[Result "1/2-1/2"]
[WhiteElo "2420"]
[BlackElo "2134"]
[PlyCount "68"]
[EventDate "2022.05.21"]
[EventType "swiss"]
[EventRounds "9"]
[EventCountry "AUT"]
[SourceTitle "CBM 208 Extra"]
[Source "ChessBase"]
[SourceDate "2022.07.31"]
[SourceVersion "1"]
[SourceVersionDate "2022.07.31"]
[SourceQuality "1"]

1. d4 Nf6 2. c4 e6 3. Nf3 d5 4. g3 Bb4+ 5. Bd2 Be7 6. Bg2 0-0 7. 0-0 c6 8. Qc2 b6 9. Bf4 Nbd7 10. Rd1 Ba6 11. Ne5 Rc8 12. Nc3 Bxc4 13. Nxc4 dxc4 14. e4 b5 15. a4 a6 16. Bh3 Qb6 17. Be3 Qb7 18. d5 cxd5 19. axb5 axb5 20. exd5 Nc5 21. Ra5 Nxd5 22. Nxd5 exd5 23. Bxc8 Rxc8 24. Qf5 Rd8 25. Rda1 g6 26. Qf4 Nd3 27. Qf3 Ne5 28. Qg2 Qb8 29. Ra8 Qd6 30. Rxd8+ Qxd8 31. Bd4 Bf6 32. Rd1 Nd3 33. Bxf6 Qxf6 34. Qxd5 Qxf2+ 1/2-1/2

[Event "Mittelfranken Landesliga Sued 2122"]
[Site "Mittelfranken"]
[Date "2022.03.13"]
[Round "6.2"]
[White "Tunka, Philipp"]
[Black "Kornitzky, Tino"]
[Result "1-0"]
[WhiteElo "2019"]
[BlackElo "2143"]
[PlyCount "139"]
[EventDate "2021.10.24"]
[EventType "team-tourn"]
[EventRounds "9"]
[EventCountry "GER"]
[SourceTitle "EXT 2024"]
[Source "ChessBase"]
[SourceDate "2023.10.10"]
[SourceVersion "1"]
[SourceVersionDate "2023.10.10"]
[SourceQuality "1"]
[WhiteTeam "Groebenzell II"]
[BlackTeam "Bayern Muenchen III"]
[WhiteTeamCountry "GER"]
[BlackTeamCountry "GER"]

1. d4 Nf6 2. c4 e6 3. Nf3 d5 4. Nc3 Nbd7 5. Bg5 c6 6. e3 Qa5 7. Qd2 Bb4 8. Rc1 Ne4 9. Qc2 Qxa2 10. cxd5 exd5 11. Bd3 Bxc3+ 12. bxc3 Qxc2 13. Rxc2 Nxg5 14. Nxg5 f6 15. Nf3 b5 16. 0-0 Kf7 17. e4 a6 18. Nd2 Re8 19. f4 Nb6 20. e5 f5 21. Nb3 Na4 22. Ra1 Be6 23. Nc5 Nxc5 24. dxc5 d4 25. c4 Red8 26. Kf2 bxc4 27. Bxc4 d3 28. Bxe6+ Kxe6 29. Rd2 a5 30. Ra4 Rd5 31. Ke3 Rxc5 32. Rxd3 Rc2 33. Kf3 c5 34. Rd6+ Ke7 35. Rd5 Rb8 36. Rd3 c4 37. Rda3 Rbb2 38. g3 Rxh2 39. Rxc4 Rbe2 40. g4 Rhf2+ 41. Kg3 Rg2+ 42. Kh3 Rh2+ 43. Kg3 Reg2+ 44. Kf3 fxg4+ 45. Ke4 Ra2 46. Rc7+ Kf8 47. Rac3 Rad2 48. Kf5 Rd4 49. Ra7 g6+ 50. Kxg4 Rg2+ 51. Kf3 Rgd2 52. Rc8+ Rd8 53. Rcc7 R8d3+ 54. Kg4 h6 55. Rc8+ Rd8 56. Rc6 R2d7 57. Rxa5 Kg7 58. Raa6 Kh7 59. Rxg6 Rg7 60. Kh5 Rxg6 61. Rxg6 Rd1 62. Rxh6+ Kg7 63. Rg6+ Kf7 64. e6+ Ke7 65. f5 Rh1+ 66. Kg5 Rg1+ 67. Kh6 Rf1 68. Rg7+ Kf8 69. Rf7+ Kg8 70. Kg6 1-0

[Event "Basel op 24th"]
[Site "Basel"]
[Date "2022.03.06"]
[Round "5"]
[White "Frei, Thadeus"]
[Black "Kornitzky, Tino"]
[Result "1-0"]
[WhiteElo "1938"]
[BlackElo "2145"]
[PlyCount "87"]
[EventDate "2022.03.04"]
[EventType "swiss"]
[EventRounds "5"]
[EventCountry "SUI"]
[SourceTitle "EXT 2024"]
[Source "ChessBase"]
[SourceDate "2023.10.10"]
[SourceVersion "1"]
[SourceVersionDate "2023.10.10"]
[SourceQuality "1"]

1. e3 d5 2. c4 e6 3. Nf3 Nf6 4. Nc3 Be7 5. d4 0-0 6. b3 b6 7. Bb2 Bb7 8. Be2 c5 9. 0-0 dxc4 10. bxc4 cxd4 11. exd4 Nc6 12. Qc1 Rc8 13. Rd1 Na5 14. c5 bxc5 15. dxc5 Qc7 16. Na4 Ng4 17. h3 Nf6 18. Be5 Qc6 19. Qa3 Rfd8 20. Bd6 Bxd6 21. cxd6 Nd5 22. Rac1 Qxd6 23. Nc5 Nc6 24. Qb3 Ba8 25. Nb7 Bxb7 26. Qxb7 Qe7 27. Qa6 Ndb4 28. Rxd8+ Rxd8 29. Qa4 Nb8 30. a3 Nd5 31. g3 h6 32. Qb3 Qf6 33. Kg2 g6 34. Bf1 Kh7 35. Qb7 Qe7 36. Rb1 Qd7 37. Ne5 Qc7 38. Qxc7 Nxc7 39. Rb7 Nd5 40. Rxf7+ Kg8 41. Rxa7 g5 42. Nf7 Rc8 43. Nxh6+ Kf8 44. Rb7 1-0

[Event "Mittelfranken Landesliga Sued 2122"]
[Site "Mittelfranken"]
[Date "2021.11.14"]
[Round "2.1"]
[White "Kornitzky, Tino"]
[Black "Riediger, Martin"]
[Result "1/2-1/2"]
[WhiteElo "2143"]
[BlackElo "2165"]
[PlyCount "107"]
[EventDate "2021.10.24"]
[EventType "team-tourn"]
[EventRounds "9"]
[EventCountry "GER"]
[SourceTitle "EXT 2024"]
[Source "ChessBase"]
[SourceDate "2023.10.10"]
[SourceVersion "1"]
[SourceVersionDate "2023.10.10"]
[SourceQuality "1"]
[WhiteTeam "Bayern Muenchen III"]
[BlackTeam "Rottal Inn"]
[WhiteTeamCountry "GER"]
[BlackTeamCountry "GER"]

1. d4 f5 2. g3 Nf6 3. Bg2 e6 4. Nf3 d5 5. 0-0 Bd6 6. c4 c6 7. Bf4 Bxf4 8. gxf4 0-0 9. e3 Qe7 10. Qc2 Ne4 11. Nbd2 Bd7 12. Nxe4 fxe4 13. Ne5 Be8 14. f3 exf3 15. Rxf3 Nd7 16. Rh3 h6 17. Kh1 Nxe5 18. dxe5 d4 19. exd4 Rxf4 20. Rd1 Rd8 21. Qc3 Kh8 22. Rf3 Rh4 23. Rf2 Bh5 24. Rdd2 Bg6 25. Qg3 Kh7 26. Rf6 Rxh2+ 27. Qxh2 gxf6 28. Qh4 Rf8 29. Rf2 Kg7 30. Rf3 Rf7 31. Rg3 Kh7 32. Rh3 Qf8 33. d5 cxd5 34. cxd5 exd5 35. e6 Re7 36. Bxd5 f5 37. Qf4 Qg7 38. Bb3 Re8 39. Rd3 Re7 40. Qd6 Be8 41. Bd5 Qg5 42. Rg3 Qh4+ 43. Kg2 Bg6 44. Qe5 Rg7 45. Bf3 h5 46. Bxh5 f4 47. Bxg6+ Rxg6 48. Qc7+ Kh6 49. Rxg6+ Kxg6 50. Qf7+ Kh6 51. Qf8+ Kg6 52. Qf7+ Kh6 53. Qf8+ Kg6 54. Qf7+ 1/2-1/2

[Event "Bayern-chI Bank Hofmann 24th"]
[Site "Tegernsee"]
[Date "2021.10.30"]
[Round "1"]
[White "Santos Latasa, Jaime"]
[Black "Kornitzky, Tino"]
[Result "1-0"]
[WhiteElo "2635"]
[BlackElo "2138"]
[PlyCount "123"]
[EventDate "2021.10.30"]
[EventType "swiss"]
[EventRounds "9"]
[EventCountry "GER"]
[SourceTitle "CBM 205 Extra"]
[Source "ChessBase"]
[SourceDate "2022.01.31"]
[SourceVersion "1"]
[SourceVersionDate "2022.01.31"]
[SourceQuality "1"]

1. d4 Nf6 2. c4 e6 3. Nf3 d5 4. Nc3 Nbd7 5. Bg5 c6 6. cxd5 exd5 7. Qc2 Be7 8. e3 Nh5 9. Bxe7 Qxe7 10. 0-0-0 g6 11. Bd3 Nb6 12. Kb1 Ng7 13. Rhe1 Be6 14. Nd2 0-0-0 15. f3 Kb8 16. Nb3 Qc7 17. h3 Rhe8 18. Qf2 Nf5 19. g4 Nd6 20. Nc5 f5 21. Rc1 Bc8 22. b3 Rf8 23. g5 Ne4 24. N5xe4 dxe4 25. Be2 exf3 26. Bxf3 Qd6 27. Rcd1 Qb4 28. Qb2 Be6 29. Rc1 Rde8 30. Qh2+ Ka8 31. Ka1 Bd5 32. Nxd5 cxd5 33. Qf2 Rc8 34. h4 Rc3 35. Qb2 Rfc8 36. Rxc3 Rxc3 37. Qd2 Rxb3 38. Qxb4 Rxb4 39. Rc1 Rc4 40. Rxc4 Nxc4 41. Bxd5 Nxe3 42. Bg8 Nc2+ 43. Kb2 Nxd4 44. Bxh7 Nf3 45. h5 Nxg5 46. Bxg6 f4 47. Kc3 Kb8 48. Kd4 Kc7 49. h6 Kd6 50. h7 Nxh7 51. Bxh7 f3 52. Bd3 f2 53. Bf1 Kc6 54. Bg2+ Kb6 55. Ke3 Ka5 56. Kxf2 b5 57. Ke3 Kb4 58. Kd3 Ka3 59. Bd5 a5 60. Kd4 b4 61. Bb3 a4 62. Kc4 1-0

[Event "Innsbruck op 5th"]
[Site "Innsbruck"]
[Date "2021.08.22"]
[Round "2"]
[White "Kornitzky, Tino"]
[Black "Schernthaner, David"]
[Result "1/2-1/2"]
[WhiteElo "2083"]
[BlackElo "2273"]
[PlyCount "58"]
[EventDate "2021.08.21"]
[EventType "swiss"]
[EventRounds "9"]
[EventCountry "AUT"]
[SourceTitle "CBM 204 Extra"]
[Source "ChessBase"]
[SourceDate "2021.11.30"]
[SourceVersion "1"]
[SourceVersionDate "2021.11.30"]
[SourceQuality "1"]

1. d4 Nf6 2. c4 g6 3. Nc3 d5 4. cxd5 Nxd5 5. e4 Nxc3 6. bxc3 Bg7 7. Nf3 c5 8. Be3 Qa5 9. Nd2 cxd4 10. Nc4 Qd8 11. cxd4 0-0 12. Rb1 f5 13. Ne5 Be6 14. exf5 gxf5 15. f4 Bxa2 16. Rxb7 Bd5 17. Rb5 e6 18. Bc4 Bxc4 19. Nxc4 a6 20. Rb3 Nc6 21. Ne5 Ne7 22. 0-0 Nd5 23. Bc1 Bxe5 24. fxe5 Kh8 25. Qh5 Ra7 26. Ba3 Rg8 27. Bd6 Qe8 28. Qxe8 Rxe8 29. Bc5 Rc7 1/2-1/2

[Event "GER-chT Online Liga Playoffs"]
[Site "Playchess.com INT"]
[Date "2021.04.16"]
[Round "1.2"]
[White "Bluebaum, Matthias"]
[Black "Kornitzky, Tino"]
[Result "0-1"]
[WhiteElo "2670"]
[BlackElo "2083"]
[PlyCount "116"]
[EventDate "2021.04.15"]
[EventType "team-k.o. (rapid)"]
[EventRounds "3"]
[EventCountry "GER"]
[SourceTitle "CBM 201 Extra"]
[Source "ChessBase"]
[SourceDate "2021.05.31"]
[SourceVersion "1"]
[SourceVersionDate "2021.05.31"]
[SourceQuality "1"]
[WhiteTeam "Deizisau"]
[BlackTeam "Bayern Muenchen"]
[WhiteTeamCountry "GER"]
[BlackTeamCountry "GER"]

1. d4 Nf6 2. c4 e6 3. Nc3 d5 4. cxd5 exd5 5. Bg5 Nbd7 6. e3 c6 7. Bd3 Be7 8. h3 0-0 9. Bf4 Re8 10. Nf3 Nf8 11. Qc2 Ng6 12. Bh2 Bd6 13. Bxd6 Qxd6 14. 0-0-0 b5 15. Kb1 a5 16. g4 Ba6 17. g5 Nd7 18. h4 b4 19. Na4 Bxd3 20. Qxd3 Ne7 21. Rc1 Rac8 22. Nc5 Nxc5 23. Rxc5 a4 24. h5 f6 25. Rg1 fxg5 26. Nxg5 Qh6 27. Qd1 a3 28. b3 Rf8 29. Rc2 Nf5 30. Qg4 Rc7 31. Nf3 Nd6 32. Ne5 Ne4 33. f4 Nc3+ 34. Ka1 Rf6 35. Nd3 Re6 36. Qh3 Rce7 37. Ne5 Qf6 38. Rg5 Qf8 39. Rcg2 Rh6 40. Ng4 Rd6 41. Re5 Rf7 42. f5 Kh8 43. Rg1 h6 44. Rf1 Ne4 45. Qh2 c5 46. dxc5 Nxc5 47. Qd2 Qb8 48. Qd4 Ne4 49. Rg1 Rc7 50. f6 gxf6 51. Nxf6 Nxf6 52. Rxd5 Rcd7 53. Rf1 Qd8 54. e4 Rxd5 55. exd5 Rxd5 56. Qg1 Rd2 57. Rc1 Rxa2+ 58. Kxa2 Qd2+ 0-1

[Event "Innsbruck op 4th"]
[Site "Innsbruck"]
[Date "2020.08.25"]
[Round "5"]
[White "Kornitzky, Tino"]
[Black "Borrmann, Laurenz"]
[Result "0-1"]
[WhiteElo "2137"]
[BlackElo "1989"]
[PlyCount "66"]
[EventDate "2020.08.22"]
[EventType "swiss"]
[EventRounds "9"]
[EventCountry "AUT"]
[SourceTitle "CBM 198 Extra"]
[Source "ChessBase"]
[SourceDate "2020.11.30"]
[SourceVersion "1"]
[SourceVersionDate "2020.11.30"]
[SourceQuality "1"]

1. d4 Nf6 2. c4 g6 3. Nc3 Bg7 4. e4 0-0 5. Nf3 d6 6. Be2 e5 7. d5 a5 8. Bg5 h6 9. Be3 Ng4 10. Bd2 f5 11. h3 Nf6 12. exf5 gxf5 13. Qc1 f4 14. g3 e4 15. Nh4 e3 16. fxe3 fxg3 17. Ng6 Re8 18. Nf4 Bf5 19. 0-0 Na6 20. Kg2 Nc5 21. Bf3 Nfe4 22. Nxe4 Nxe4 23. Bxe4 Bxe4+ 24. Kxg3 Kh7 25. Kh2 Be5 26. Bc3 Rg8 27. Rg1 Qh4 28. Qd2 Bf5 29. Bxe5 dxe5 30. Rxg8 Rxg8 31. Qe1 Qg5 32. Qf2 exf4 33. exf4 Qh5 0-1

[Event "GER-ch Net Amateur Gr-A Vor3"]
[Site "Playchess.com INT"]
[Date "2020.04.16"]
[Round "8"]
[White "Kersten, Uwe"]
[Black "Kornitzky, Tino"]
[Result "1-0"]
[WhiteElo "2049"]
[BlackElo "1919"]
[PlyCount "65"]
[EventDate "2020.04.16"]
[EventType "swiss (blitz)"]
[EventRounds "9"]
[EventCountry "GER"]
[SourceTitle "CBM 195 Extra"]
[Source "ChessBase"]
[SourceDate "2020.05.31"]
[SourceVersion "1"]
[SourceVersionDate "2020.05.31"]
[SourceQuality "1"]

1. e4 d5 2. exd5 Qxd5 3. Nc3 Qa5 4. Bc4 Nf6 5. d3 c6 6. Bd2 Qb6 7. Bb3 Bg4 8. f3 Bh5 9. Nh3 e6 10. Nf4 Bg6 11. h4 Bd6 12. g4 Bxf4 13. Bxf4 h5 14. Qe2 Qa5 15. 0-0-0 Nbd7 16. Bxe6 0-0 17. Bb3 Rfe8 18. Qg2 Nc5 19. Kb1 Nxb3 20. axb3 Nd5 21. Bd2 Qc5 22. Rhe1 a5 23. Ne4 Qb6 24. c4 Nb4 25. Bc3 a4 26. gxh5 axb3 27. hxg6 Ra1+ 28. Kxa1 Nc2+ 29. Kb1 Qa6 30. gxf7+ Kxf7 31. Qxg7+ Ke6 32. Nc5+ Kd6 33. Nxa6 1-0

[Event "GER-ch Net Amateur Gr-A Vor3"]
[Site "Playchess.com INT"]
[Date "2020.04.16"]
[Round "5"]
[White "Poschadel, Andreas Gregor"]
[Black "Kornitzky, Tino"]
[Result "1/2-1/2"]
[WhiteElo "1711"]
[BlackElo "1910"]
[PlyCount "156"]
[EventDate "2020.04.16"]
[EventType "swiss (blitz)"]
[EventRounds "9"]
[EventCountry "GER"]
[SourceTitle "CBM 195 Extra"]
[Source "ChessBase"]
[SourceDate "2020.05.31"]
[SourceVersion "1"]
[SourceVersionDate "2020.05.31"]
[SourceQuality "1"]

1. e4 d5 2. exd5 Qxd5 3. Nc3 Qa5 4. d4 Nf6 5. h3 c6 6. Nf3 Bf5 7. Be3 e6 8. Bc4 Nbd7 9. 0-0 Bd6 10. Ne2 Bg6 11. c3 0-0 12. Bf4 Qc7 13. Bxd6 Qxd6 14. Ng3 Rfe8 15. Re1 h6 16. Ne5 Bh7 17. Qf3 Qe7 18. Rad1 Rad8 19. Bd3 Bxd3 20. Rxd3 Nd5 21. Ne4 N7f6 22. Nc5 Qc7 23. Red1 b6 24. Ne4 Qc8 25. Nxf6+ Nxf6 26. Qxc6 Qxc6 27. Nxc6 Rd7 28. Ne5 Rc7 29. a4 Nd5 30. g3 f6 31. Nf3 Kf7 32. Nd2 g5 33. Ne4 Rd8 34. Nd2 Kg6 35. Nb3 Rc4 36. a5 Rc6 37. axb6 axb6 38. Ra1 b5 39. Nc5 b4 40. Ra6 Rxa6 41. Nxa6 bxc3 42. bxc3 Ra8 43. Nc5 Kf7 44. Rf3 Ra3 45. Ne4 f5 46. Nd6+ Ke7 47. Nb5 Rb3 48. Na7 Kd6 49. Nc8+ Kd7 50. Na7 Rxc3 51. Kg2 Rxf3 52. Kxf3 Nc3 53. Ke3 Kc7 54. Kd3 Nd1 55. Ke2 Nc3+ 56. Kd3 Nd5 57. Nb5+ Kd7 58. Na3 Nb4+ 59. Ke3 Ke7 60. Nc4 Kf6 61. Ne5 Nd5+ 62. Kf3 h5 63. g4 hxg4+ 64. hxg4 f4 65. Ke2 Nc3+ 66. Kd2 Ne4+ 67. Ke2 Nd6 68. f3 Nb5 69. Kd3 Nc7 70. Ke2 Nd5 71. Kd3 Ne7 72. Ke2 Nd5 73. Nd7+ Ke7 74. Ne5 Ne3 75. Kd3 Kf6 76. Ke2 Nc2 77. Kd3 Nb4+ 78. Ke2 Nd5 1/2-1/2

[Event "GER-ch Net Amateur Gr-A Vor1"]
[Site "Playchess.com INT"]
[Date "2020.04.14"]
[Round "8"]
[White "Beesk, Kevin"]
[Black "Kornitzky, Tino"]
[Result "0-1"]
[WhiteElo "1800"]
[BlackElo "2014"]
[PlyCount "90"]
[EventDate "2020.04.14"]
[EventType "swiss (blitz)"]
[EventRounds "9"]
[EventCountry "GER"]
[SourceTitle "EXT 2021"]
[Source "ChessBase"]
[SourceDate "2020.10.23"]
[SourceVersion "1"]
[SourceVersionDate "2020.10.23"]
[SourceQuality "1"]

1. Nc3 d5 2. e4 d4 3. Nce2 e5 4. Ng3 Nf6 5. Bc4 c5 6. Nf3 h6 7. Nxe5 Be6 8. Bxe6 fxe6 9. d3 Bd6 10. Ng6 Bxg3 11. Nxh8 Bc7 12. Ng6 Qd7 13. f4 Nc6 14. 0-0 0-0-0 15. f5 exf5 16. Rxf5 Qe8 17. Nh4 Kb8 18. Rf1 Ne5 19. Bf4 g5 20. Bxe5 Qxe5 21. Nf3 Qf4 22. Qc1 Qg4 23. h3 Qg3 24. Qe1 Qf4 25. g3 Qxg3+ 26. Qxg3 Bxg3 27. Kg2 Bf4 28. Rae1 Nh5 29. e5 Be3 30. Rxe3 dxe3 31. Re1 e2 32. Kf2 Nf4 33. Rxe2 Nxe2 34. Kxe2 Kc7 35. c3 Kc6 36. d4 cxd4 37. cxd4 Kd5 38. Ke3 Rc8 39. Kd3 Rc1 40. Nd2 Rh1 41. b4 Rxh3+ 42. Kc2 Kxd4 43. e6 Re3 44. Nb3+ Kd5 45. Nc5 b6 0-1

[Event "GER-ch Net Amateur Gr-A Vor1"]
[Site "Playchess.com INT"]
[Date "2020.04.14"]
[Round "9"]
[White "Irkilmez, Yakub"]
[Black "Kornitzky, Tino"]
[Result "1-0"]
[WhiteElo "2091"]
[BlackElo "2022"]
[PlyCount "61"]
[EventDate "2020.04.14"]
[EventType "swiss (blitz)"]
[EventRounds "9"]
[EventCountry "GER"]
[SourceTitle "EXT 2021"]
[Source "ChessBase"]
[SourceDate "2020.10.23"]
[SourceVersion "1"]
[SourceVersionDate "2020.10.23"]
[SourceQuality "1"]

1. d4 Nf6 2. Bf4 d5 3. e3 c5 4. Nf3 Nc6 5. c3 Qb6 6. Qc2 Bf5 7. dxc5 Bxc2 8. cxb6 axb6 9. Na3 Be4 10. Nb5 Kd7 11. Be2 Bxf3 12. Bxf3 e6 13. 0-0 Ra5 14. c4 dxc4 15. Rfd1+ Kc8 16. a4 Be7 17. Rdc1 e5 18. Bg5 e4 19. Be2 Kb8 20. Bf4+ Kc8 21. Rxc4 Rd8 22. f3 Rd2 23. Kf1 Rxb2 24. Rd1 Bc5 25. fxe4 Rxe2 26. Kxe2 Nb4 27. e5 Nd7 28. Nd6+ Kc7 29. Nxf7 Rxa4 30. e6+ Kc8 31. exd7# 1-0

[Event "GER-ch Net blitz qual5"]
[Site "Playchess.com INT"]
[Date "2020.03.28"]
[Round "12"]
[White "Dauner, Benedikt"]
[Black "Kornitzky, Tino"]
[Result "0-1"]
[WhiteElo "2133"]
[BlackElo "2137"]
[PlyCount "120"]
[EventDate "2020.03.28"]
[EventType "swiss (blitz)"]
[EventRounds "13"]
[EventCountry "GER"]
[SourceTitle "CBM 195 Extra"]
[Source "ChessBase"]
[SourceDate "2020.05.31"]
[SourceVersion "1"]
[SourceVersionDate "2020.05.31"]
[SourceQuality "1"]

1. e4 d5 2. exd5 Qxd5 3. Nc3 Qa5 4. d4 Nf6 5. Nf3 Bg4 6. h3 Bxf3 7. Qxf3 c6 8. Bd3 e6 9. 0-0 Nbd7 10. Be3 Be7 11. Ne4 0-0 12. c3 Nxe4 13. Qxe4 Nf6 14. Qf3 Rfd8 15. a3 Rac8 16. Rad1 Qc7 17. Rfe1 c5 18. Bb1 cxd4 19. Bxd4 Qc6 20. Qg3 h6 21. Re3 Qd5 22. Rde1 Ne8 23. Re5 Qd6 24. Qd3 Bf6 25. Qh7+ Kf8 26. Qh8+ Ke7 27. Rxe6+ fxe6 28. Bxf6+ Kxf6 29. Re3 Qd1+ 30. Kh2 Qxb1 31. Rf3+ Qf5 32. Qf8+ Kg6 33. Rxf5 exf5 34. Qb4 Rc7 35. Qa5 b6 36. Qe5 Rcd7 37. h4 Nf6 38. Qe6 Rd6 39. h5+ Kg5 40. Qf7 Nxh5 41. f4+ Nxf4 42. Qxg7+ Ng6 43. Qxa7 f4 44. Qa4 Rf6 45. Qc4 Rdf8 46. Qb5+ Rf5 47. Qxb6 f3 48. gxf3 Rxf3 49. Qc5+ R8f5 50. Qd4 Rf2+ 51. Kg1 Rf1+ 52. Kg2 Nh4+ 53. Kg3 R5f3+ 54. Kh2 R3f2+ 55. Kg3 Nf5+ 56. Kh3 Nxd4 57. cxd4 Rf3+ 58. Kg2 R1f2+ 59. Kg1 Rxb2 60. d5 Rxa3 0-1

[Event "GER-ch Net blitz qual5"]
[Site "Playchess.com INT"]
[Date "2020.03.28"]
[Round "1"]
[White "Kornitzky, Tino"]
[Black "Baskin, Robert"]
[Result "0-1"]
[WhiteElo "2137"]
[BlackElo "2385"]
[PlyCount "96"]
[EventDate "2020.03.28"]
[EventType "swiss (blitz)"]
[EventRounds "13"]
[EventCountry "GER"]
[SourceTitle "CBM 195 Extra"]
[Source "ChessBase"]
[SourceDate "2020.05.31"]
[SourceVersion "1"]
[SourceVersionDate "2020.05.31"]
[SourceQuality "1"]

1. d4 Nf6 2. c4 e6 3. g3 d5 4. Bg2 dxc4 5. Nf3 a6 6. 0-0 Nc6 7. Bg5 Be7 8. e3 0-0 9. a4 Rb8 10. a5 h6 11. Bxf6 Bxf6 12. Nfd2 e5 13. d5 Ne7 14. Nxc4 Bd7 15. Nc3 Nc8 16. Ne4 Bb5 17. Rc1 Nd6 18. Nexd6 cxd6 19. Qd2 Rc8 20. b3 Bxc4 21. Rxc4 Rxc4 22. bxc4 Qc7 23. Qb4 Rb8 24. e4 Bd8 25. Rc1 b6 26. axb6 Qxb6 27. Qa4 Bg5 28. Ra1 Qc5 29. Bh3 g6 30. Qc2 a5 31. Bf1 Kg7 32. Qc3 Bd8 33. Kg2 Rb4 34. Qc2 Bb6 35. Ra2 a4 36. h4 h5 37. Rb2 a3 38. Ra2 Qa5 39. Qc3 Ra4 40. Qb3 Bc5 41. Qb5 Qa7 42. Qe8 Rb4 43. Qc6 Rb2 44. Ra1 a2 45. Bd3 Rxf2+ 46. Kh3 Qb8 47. Qb5 Qc8+ 48. g4 Qxg4# 0-1

[Event "GER-ch Net blitz qual5"]
[Site "Playchess.com INT"]
[Date "2020.03.28"]
[Round "9"]
[White "Kornitzky, Tino"]
[Black "Schulze, Lara"]
[Result "1-0"]
[WhiteElo "2137"]
[BlackElo "2314"]
[PlyCount "71"]
[EventDate "2020.03.28"]
[EventType "swiss (blitz)"]
[EventRounds "13"]
[EventCountry "GER"]
[SourceTitle "CBM 195 Extra"]
[Source "ChessBase"]
[SourceDate "2020.05.31"]
[SourceVersion "1"]
[SourceVersionDate "2020.05.31"]
[SourceQuality "1"]

1. d4 Nf6 2. c4 e6 3. g3 c5 4. d5 exd5 5. cxd5 d6 6. Nc3 g6 7. Bg2 Bg7 8. Nf3 0-0 9. 0-0 Re8 10. a4 a6 11. a5 Nbd7 12. Nd2 b5 13. axb6 Nxb6 14. Qc2 a5 15. e4 Ba6 16. Re1 Ng4 17. Nf3 Ne5 18. Nxe5 Bxe5 19. Rxa5 Nc4 20. Ra1 Qb6 21. Bf1 Na5 22. Bxa6 Rxa6 23. Bd2 Rea8 24. Rab1 Nc4 25. Bc1 Qb4 26. Re2 Rb8 27. Bd2 Nxd2 28. Rxd2 Bxc3 29. Rd3 Bd4 30. Kg2 Ra2 31. Rd2 Qb3 32. Qc1 Kg7 33. Qe1 Bc3 34. bxc3 Qxc3 35. Rxa2 Rxb1 36. Qxb1 1-0